000 00846nam a22002411i 4500
003 IT-RoINE
005 20200723094735.0
008 900725s1953 sp r ddspa d
040 _aSpMaBN
_bspa
_cA2 IT-RoINE
100 1 _916354
_aCalderón de la Barca, Pedro,
_d1600-1681
245 1 0 _aComedias religiosas /
_cCalderón de la Barca ; prólogo y edición de Angel Valbuena.
260 _aMadrid :
_bEspasa-Calpe,
_c1953.
300 _a v. ;
_c19 cm.
336 _2rdacontent
_atext
337 _2rdamedia
_aunmediated
338 _2rdacarrier
_avolume
490 1 _aClásicos castellanos ;
_v106
505 1 _aI. La devoción de la Cruz -- El mágico prodigioso.
700 1 _aValbuena Prat, Ángel,
_d1900-1977
_922602
740 3 1 _aEl Mágico prodigioso.
830 0 _922520
_aClásicos castellanos (Espasa-Calpe) ;
_v106
942 _cMTS
999 _c10983
_d10983